My Chemical Romance Quiz - Statistics

General Stats
  • This quiz has been taken 892 times
  • The average score is 6 of 8
Answer Stats
Hint Answer % Correct
Brother of mikey Gerard
97%
Brother of Gerard Mikey
97%
'the drugs never work, there gunna give you a smirk' teenagers
96%
So long and goodnight Helena
89%
Torosaur Ray Toro
73%
Crosses on his eyes Frank iero
65%
drummer Bob Bryar
61%
'when i was, a young boy' Black Parade
51%
No matching quizzes found
Score Distribution
Percent of People with Each Score
Percentile by Number Answered
Your Score History
You have not taken this quiz